000 00465nam a2200157 i 4500
001 69252
003 ES-MaACL
005 20230906170456.0
007 t|
008 040702s1953 cu ||||1| spa d
100 1 _aGarcía Alzola, Ernesto.
_954158
245 1 0 _aMartí va con nosotros
_b: poema /
_cErnesto García Alzola.
260 _aLa Habana :
_b[s.n.,
_c1953] (
_fImp. Mundial)
300 _a34 p. :
_bil. ;
_c28 cm.
852 _aES-MaACL
_j1566-F-13
_bR.35984
999 _c69252
_d69252